LEADER 00997nam2-22003131i-450- 001 990000345140403321 005 20001010 035 $a000034514 035 $aFED01000034514 035 $a(Aleph)000034514FED01 035 $a000034514 100 $a20001010d--------km-y0itay50------ba 101 0 $aita 105 $ay-------001yy 200 1 $aAbhandlung uber die Herleitung aller Krystallographischer Systeme mit ihren Unterabtheilungen aus einem einzigenPrinzipe$fVon Axel Gadolin. Deutsch herausgegeben von P. Groth. 210 $aLeipzig$cVerlag von Engelmann$d1896 215 $a92 p., tav., 19 cm 225 1 $aOstwalds Klassiker der exakten Wissenschaften$vNr. 75 461 0$1001000034542$12001$aUeber Physikalische Kraftlinien 676 $a030 700 1$aGadolin,$bAxel 702 1$aGroth,$bP. 801 0$aIT$bUNINA$gRICA$2UNIMARC 901 $aBK 912 $a990000345140403321 952 $a04 210-1/75$bCI$fDINCH 959 $aDINCH 997 $aUNINA DB $aING01 LEADER 02725nam 2200565 450 001 9910526014203321 005 20220310065326.0 010 $a0826177085 010 $a9780826177070 035 $a(CKB)4100000010754754 035 $a(MiAaPQ)EBC6143160 035 $a(EXLCZ)994100000010754754 100 $a20200623d2021 uy 0 101 0 $aeng 135 $aurcnu|||||||| 181 $ctxt$2rdacontent 182 $cc$2rdamedia 183 $acr$2rdacarrier 200 10$aAdvanced physiology and pathophysiology $eessentials for clinical practice /$fNancy C. Tkacs, PhD, RN, Linda Herrmann, PhD, RN, ACHPN, AGACNP-BC, GNP-BC, FAANP, Randall Johnson, PhD, RN 210 1$aNew York, New York :$cSpringer Publishing Company,$d[2021] 210 4$dİ2021 215 $a1 online resource (841 pages) 300 $aIncludes index. 300 $aEBL Purchase 300 $a3 copies 311 $a0-8261-7707-7 327 $a1. the foundational concepts of clinical practice 2. chemical and biochemical foundations 3. molecular biology, genetics, and genetic diseases 4. cell physiology and pathophysiology 5. infectious disease 6. the immune system and leukocyte function 7. neoplasia 8. blood and clotting9. circulation 10. heart 11. lungs 12. kidneys 13. gastrointestinal tract 14. liver 15. nervous system 16. musculoskeletal system 17. endocrine system 330 0 $aThis advanced physiology and pathophysiology text is designed to address the specific learning needs of future nurse practitioners, physician assistants, and other advanced healthcare providers caring for patients across the lifespan. Focusing on practical applications of physiology, it facilitates in-depth understanding of important pathophysiological concepts as they relate to major disorders commonly seen in clinical practice and includes comprehensive pediatric and geriatric considerations. This knowledge is crucial to providing the foundation required to be an informed and confident clinical decision maker. 606 $aPhysiology 606 $aPhysiology, Pathological 606 $aPhysiology 606 $aPhysiological Phenomena 606 $aPathologic Processes 608 $aElectronic books. 615 0$aPhysiology. 615 0$aPhysiology, Pathological. 615 2$aPhysiology. 615 12$aPhysiological Phenomena. 615 22$aPathologic Processes. 676 $a612 700 $aTkacs$b Nancy C.$01193947 702 $aHerrmann$b Linda L. 702 $aJohnson$b Randall L. 801 0$bMiAaPQ 801 1$bMiAaPQ 801 2$bMiAaPQ 906 $aBOOK 912 $a9910526014203321 996 $aAdvanced physiology and pathophysiology$92762113 997 $aUNINA